000 00287nam a22001337a 4500
008 170619b xxu||||| |||| 00| 0 eng d
020 _a0669076791
041 _aeng
080 _a328
100 _a20
101 _aSHP
245 _aAMERICAN GOVERNMENT
_cWILSON,J.Q
942 _2udc
_cBK
999 _c18079
_d18079